000
00328nam a22001457a 4500
003
SGT
020
_a
81-85731-01-2
082
_a
615.4
_b
H16D
100
_a
DANDIYA,P.C
245
_a
A TEXT BOOK OF HOSPITAL AND CLINICAL PHARMACY
250
_a
4TH
260
_a
DELHI
_b
VALLABH PUB
_c
2016
300
_a
632
942
_2
ddc
_c
BK
_0
27
999
_c
11128
_d
11128